63

Доступно только в Электронных читальных залах Найти на картеНа карте
RUSMARC
00003985nac2a22002651x 450
00160d1c297-71c5-41a7-b6b9-3eb68d04a7e8
00520170818031058.0
100##$a20170517l1933 k y0rusy50 ca
1010#$arus
102##$aRU
105##$ay z |||||
1220#$ad19330213
2001#$a63
$j13.02.1933
215##$a44 листа
251##$cДело
300##$aЗаголовок дела на папке: Протокол № 63 заседания Секретариата Центрального Исполнительного Комитета Союза ССР от 13 февраля 1933 г.
300##$aМашинописный и рукописный текст
330##$aВходит в раздел описи: Протоколы заседаний Секретариата Президиума VI-го созыва
461#0$1001796d4672-8a00-4986-b488-6e42273792cc
$12001
$aЦЕНТРАЛЬНЫЙ ИСПОЛНИТЕЛЬНЫЙ КОМИТЕТ СССР (ЦИК СССР)
$1251
$cФонд
$1852
$j3316
$gР
462#0$10015593f570-cd62-4a8d-a1d8-0c815fe27ed2
$12001
$aПротоколы заседаний Президиума ЦИК СССР, объединенных заседаний секретариатов ЦИК СССР и ВЦИК и совещаний при председателе ЦИК СССР. 1923-1938 гг.
$vД. 1195
$1251
$cОпись
$1852
$j12
5171#$aПротокол № 63 заседания Секретариата Центрального Исполнительного Комитета Союза ССР от 13 февраля 1933 г.
60101$3RU\NLR\AUTH\880357276
$aСССР
$bЦИК
801#0$aRU
$bGA_RF
801#1$aRU
$bАО "НПО Опыт"
$c20170517
$2rusmarc
801#2$aRU
$bПБ им. Б.Н. Ельцина
$c20170818
$gRCR
$2rusmarc
852##$aГА РФ
$j1195
937##$d101964393
$hПБ
035##$aRuPRLIB51043581
856##$uhttp://readingroom.main.prlib.ru/item.aspx?id_node=n101964393&mode=full
Формат отображения